Turismo dominicano : (Record no. 48278)
[ view plain ]
| 000 -CABECERA | |
|---|---|
| campo de control de longitud fija | 01161nam a2200253 a 4500 |
| 001 - NÚMERO DE CONTROL | |
| campo de control | 000048790 |
| 005 - FECHA Y HORA DE LA ÚLTIMA TRANSACCIÓN | |
| campo de control | 20201002061418.0 |
| 008 - DATOS DE LONGITUD FIJA--INFORMACIÓN GENERAL | |
| campo de control de longitud fija | 190412s2018 dr c r 000 0 spa d |
| 020 ## - NÚMERO INTERNACIONAL ESTÁNDAR DEL LIBRO | |
| Número Internacional Estándar del Libro | 9789945910476 |
| 040 ## - FUENTE DE LA CATALOGACIÓN | |
| Centro catalogador/agencia de origen | DO-SdBNP |
| Lengua de catalogación | spa |
| Centro/agencia transcriptor | BNPHU |
| 082 ## - NÚMERO DE LA CLASIFICACIÓN DECIMAL DEWEY | |
| Número de clasificación | xxxx |
| Número de documento/Ítem | D352t |
| 100 1# - ENTRADA PRINCIPAL--NOMBRE DE PERSONA | |
| Nombre de persona | Delgado Malagón, Pedro |
| Fechas asociadas al nombre | 1944- |
| 9 (RLIN) | 76244 |
| 245 10 - MENCIÓN DE TÍTULO | |
| Título | Turismo dominicano : |
| Resto del título | 30 años a velocidad de crucero / |
| Mención de responsabilidad, etc. | Pedro Delgado Malagón ; fotografías Thiago da Cunha ; traducciones Ana E. Martínez, Delia Blanco ; presentación Manuel A. Grullón ; prólogo Rita Cabrer Botello. |
| 260 ## - PUBLICACIÓN, DISTRIBUCIÓN, ETC. | |
| Lugar de publicación, distribución, etc. | Santo Domingo : |
| Nombre del editor, distribuidor, etc. | Popular, |
| Fecha de publicación, distribución, etc. | 2018. |
| 300 ## - DESCRIPCIÓN FÍSICA | |
| Extensión | 463 p. : |
| Otras características físicas | retr., fot. ; |
| Dimensiones | 32 cm. |
| 500 ## - NOTA GENERAL | |
| Nota general | Incluye datos biografícos del autor y fotografo. |
| 505 2# - NOTA DE CONTENIDO CON FORMATO | |
| Título | Presentación -- |
| -- | Prólogo -- |
| -- | El inicio -- |
| -- | 30 años a velocidad de crucero -- |
| -- | Mirar al porvenir -- |
| -- | Voces del turismo -- |
| -- | Apéndice gráfico / |
| 590 ## - NOTA LOCAL (RLIN) | |
| Nota local | Inventariado, 2019/ YL |
| 700 12 - PUNTO DE ACCESO ADICIONAL--NOMBRE DE PERSONA | |
| Nombre de persona | Cunha, Thiago da, |
| Fechas asociadas al nombre | 1968- |
| Término indicativo de función/relación | fot. |
| 9 (RLIN) | 76245 |
| 700 12 - PUNTO DE ACCESO ADICIONAL--NOMBRE DE PERSONA | |
| Nombre de persona | Cabrer Botello, Rita, |
| Término indicativo de función/relación | prol. |
| 9 (RLIN) | 76246 |
| 700 12 - PUNTO DE ACCESO ADICIONAL--NOMBRE DE PERSONA | |
| Nombre de persona | Grullón, Manuel A., |
| Término indicativo de función/relación | pres. |
| 9 (RLIN) | 73783 |
| 700 12 - PUNTO DE ACCESO ADICIONAL--NOMBRE DE PERSONA | |
| Nombre de persona | Martínez, Ana E., |
| Término indicativo de función/relación | trad. |
| 9 (RLIN) | 2505 |
| 700 12 - PUNTO DE ACCESO ADICIONAL--NOMBRE DE PERSONA | |
| Nombre de persona | Blanco, Delia |
| Término indicativo de función/relación | trad. |
| 9 (RLIN) | 24662 |
| Estado de retiro | Estado de pérdida | Restricciones de uso | No para préstamo | Código de colección | Localización permanente | Ubicación/localización actual | Ubicación en estantería | Fecha de adquisición | Número de inventario | Total de préstamos | Signatura topográfica completa | Código de barras | Fecha visto por última vez | Número de copia | Precio válido a partir de | Tipo de ítem Koha |
|---|---|---|---|---|---|---|---|---|---|---|---|---|---|---|---|---|
| Dominicana de Servicio | General | General | Depósito | 12.04.2019 | LF1 | xxxx D352t | 48790-30 | 25.06.2020 | e.3 | 25.06.2020 | Libro y Folleto Colección Dominicana de Servicio | |||||
| Extraviado | Dominicana de Servicio | General | General | Extraviado | 25.04.2019 | LF1 | xxxx D352t | 48790-40 | 25.06.2020 | e.4 | 25.06.2020 | Libro y Folleto Colección Dominicana de Servicio | ||||
| Excluido de préstamo | Patrimonio Dominicano | Patrimonio Dominicano | Patrimonio Dominicano | Depósito | 12.04.2019 | LF1 | xxxx D352t | 48790-10 | 25.06.2020 | 25.06.2020 | Libro y Folleto Colección Patrimonio Dominicano | |||||
| Excluido de préstamo | Patrimonio Dominicano | Patrimonio Dominicano | Patrimonio Dominicano | Depósito | 12.04.2019 | LF1 | xxxx D352t | 48790-20 | 25.06.2020 | e.2 | 25.06.2020 | Libro y Folleto Colección Patrimonio Dominicano |
